| 000 | 00456nam a2200109Ia 4500 | ||
|---|---|---|---|
| 008 | 171204s9999 xx 000 0 und d | ||
| 245 | _aBlurring the Boundaries Through Digital Innovation: Individual, Organizational, and Societal Challenges | ||
| 245 | _cAlessandra Lazazzara, Fabrizio D'Ascenzo, and Massimo Magni | ||
| 260 | _c2016 | ||
| 650 | _xDIGITAL INFORMATION AND COMMUNICATION DEVELOPMENT | ||
| 856 | _uhttp://down.ebook777.com/044/9783319389738.pdf | ||
| 999 |
_c346299 _d346299 |
||